000 00873nam a2200253 i 4500
001 14385
003 BD-RjUL
005 20211208235622.0
008 140205s1977 ii a b 000 0 eng d
035 _a(BD-RjUL)14437
040 _aDLC
_cDLC
_dBD-RjUL
_beng
041 1 _aengjpn
082 0 0 _a639.09162
_bAQU 1977
245 0 0 _aAquaculture in shallow seas :
_bprogress in shallow sea culture = Senkai kanzen yoshoki [sic] : senkai yoshoku no shinpo /
_ceditor, Takeo Imai, [general editor, V. S. Kothekar ; translator, M. G. Alamelu].
260 _aNew Delhi :
_bOxford and ibh Publishing,
_cc1977.
300 _axv, 615 p. :
_bill. ;
_c25 cm.
504 _aIncludes bibliographies.
650 0 _aAquaculture
_zJapan.
_944879
650 0 _aAquaculture.
_944280
700 1 _aImai, Takeo.
_944880
942 _2ddc
_cBK
999 _c14385
_d14385